| 000 | 00694nam a2200217 a 4500 | ||
|---|---|---|---|
| 003 | PILC | ||
| 005 | 20160303141205.0 | ||
| 008 | 061109s19uu xx 00 eng d | ||
| 020 | _a0071115749 | ||
| 050 |
_aGE 105 _b.C865 2006 |
||
| 100 | _aCunningham, William P. | ||
| 245 |
_aPrinciples of environmental science: _binquiry and applications / _cWIlliam Cunningham, Mary Ann Cunningham. |
||
| 250 | _a3rd edition. | ||
| 260 |
_aAsia : _bMcGraw-Hill Education, _c2006. |
||
| 300 |
_a428 pages : _bcolor illustrations ; _c26 cm. |
||
| 500 | _aIncludes glossary and index. | ||
| 650 | _aEnvironmental science. | ||
| 700 | _aCunningham, Mary Ann. | ||
| 942 |
_cBK _2lcc _kFOR |
||
| 999 |
_c21754 _d21754 |
||